| 000 | 00659nam a22002177a 4500 | ||
|---|---|---|---|
| 001 | 00028153 | ||
| 005 | 20260211092028.0 | ||
| 008 | 260211b ag ||||| |||| 00| 0 spa d | ||
| 020 | _a9789875742567 | ||
| 040 |
_aAR-CcCEOS _bspa _cAR-CcCEOS |
||
| 041 | _aspa | ||
| 080 | _a316.2 | ||
| 090 | _bSCH | ||
| 100 | 1 |
_aSchluchter, Wolfgang, _d1938- _9443 |
|
| 245 |
_aAcción, orden y cultura : _bEstudios para un programa de investigación en conexión con Max Weber / _cWolfgang Schluchter |
||
| 250 | _a1ª ed. | ||
| 260 |
_aBuenos Aires : _bPrometeo Libros, _c2008. |
||
| 300 |
_a304 p. ; _c21x15 cm. |
||
| 655 | 0 |
_asociología _9444 |
|
| 942 |
_2udc _cBK _n0 |
||
| 999 |
_c28167 _d28167 |
||